Nyíri Antal nyolcvan éves

Elmentve itt :
Bibliográfiai részletek
Szerző: Károly Sándor
Dokumentumtípus: Cikk
Megjelent: 1988
Sorozat:Acta Universitatis Szegediensis : sectio ethnographica et linguistica = néprajz és nyelvtudomány = étnografiâ i azykoznanie = Volkskunde und Sprachwissenschaft 31-32
Kulcsszavak:Nyelvészet - magyar - 20. sz., Nyíri Antal
Tárgyszavak:
Online Access:http://acta.bibl.u-szeged.hu/3700
LEADER 00831nab a2200205 i 4500
001 acta3700
005 20220908090949.0
008 161015s1988 hu o 0|| hun d
022 |a 0586-3716 
040 |a SZTE Egyetemi Kiadványok Repozitórium  |b hun 
041 |a hun 
100 1 |a Károly Sándor 
245 1 0 |a Nyíri Antal nyolcvan éves  |h [elektronikus dokumentum] /  |c  Károly Sándor 
260 |c 1988 
300 |a 5-7 
490 0 |a Acta Universitatis Szegediensis : sectio ethnographica et linguistica = néprajz és nyelvtudomány = étnografiâ i azykoznanie = Volkskunde und Sprachwissenschaft  |v 31-32 
650 4 |a Bölcsészettudományok 
650 4 |a Nyelvek és irodalom 
695 |a Nyelvészet - magyar - 20. sz., Nyíri Antal 
856 4 0 |u http://acta.bibl.u-szeged.hu/3700/1/etno_lingu_031_032_005-007.pdf  |z Dokumentum-elérés